Online
Catalog
Normal view MARC view

Entry Término temático

Number of records used in: 1

001 - NÚMERO DE CONTROL

  • campo de control: 82182

003 - IDENTIFICADOR DEL NÚMERO DE CONTROL

  • campo de control: BNPHU

005 - FECHA Y HORA DE LA ÚLTIMA TRANSACCIÓN

  • campo de control: 20250311102159.0

008 - DATOS DE LONGITUD FIJA

  • campo de control de longitud fija: 220815|| aca||aabn | a|a d

010 ## - NÚMERO DE CONTROL DE LA BIBLIOTECA DEL CONGRESO

  • Número de control de LC: sh 85142845

040 ## - FUENTE DE LA CATALOGACIÓN

  • Centro catalogador/agencia de origen: DO-SdBNP
  • Lengua de catalogación: spa
  • Centro/agencia transcriptor: BNPHU
  • Normas de descripción: rda

150 ## - ENCABEZAMIENTO--TÉRMINO DE MATERIA

  • Término de materia o nombre geográfico como elemento de entrada: Arquitectura vernácula

450 0# - TRAZADO DE VÉASE--TÉRMINO DE MATERIA

  • Término de materia o nombre geográfico como elemento de entrada: Vernacular architecture

450 0# - TRAZADO DE VÉASE--TÉRMINO DE MATERIA

  • Término de materia o nombre geográfico como elemento de entrada: Architecture, Anonymous
  • Subcampo de control: nne

450 0# - TRAZADO DE VÉASE--TÉRMINO DE MATERIA

  • Término de materia o nombre geográfico como elemento de entrada: Arquitectura popular

450 0# - TRAZADO DE VÉASE--TÉRMINO DE MATERIA

  • Término de materia o nombre geográfico como elemento de entrada: Arquitectura nativa

450 0# - TRAZADO DE VÉASE--TÉRMINO DE MATERIA

  • Término de materia o nombre geográfico como elemento de entrada: Arquitectura Folclórica

450 0# - TRAZADO DE VÉASE--TÉRMINO DE MATERIA

  • Término de materia o nombre geográfico como elemento de entrada: Arquitectura autóctona

550 ## - TRAZADO VÉASE ADEMÁS--TÉRMINO DE MATERIA

  • Término de materia o nombre geográfico como elemento de entrada: Arquitectura mimética

550 ## - TRAZADO VÉASE ADEMÁS--TÉRMINO DE MATERIA

  • Subcampo de control: h

670 ## - FUENTE DE DATOS ENCONTRADOS

  • Cita de la fuente: Work cat.: (DO-SdBNP)41901: Durán Núñez, Víctor Ml., 1964- (Víctor Manuel) 69531, Arquitectura popular dominicana = Dominican popular architecture = Architecture populaire dominicaine , 2009.

670 ## - FUENTE DE DATOS ENCONTRADOS

  • Identificador Uniforme del Recurso: https://authorities.loc.gov/cgi-bin/Pwebrecon.cgi?AuthRecID=4791255&v1=1&HC=2&SEQ=20250311090656&PID=q9LrKWnOCE87_QfezGtcd5f77Xm Consultado en 11 de marzo, 2025

670 ## - FUENTE DE DATOS ENCONTRADOS

  • Identificador Uniforme del Recurso: https://librunam.dgb.unam.mx:8443/F/T6A2EY4EXIKD9PI5E7F6HFMP8F63DD1GEFRNJ8U1RNPK866T85-05375?func=full-set-set&set_number=001012&set_entry=000001&format=001 Consultado en 11 de marzo, 2025

680 ## - NOTA GENERAL PÚBLICA

  • Texto explicativo: Aquí se asientan las obrasrelacionadas con la arquitectura producto de los artesanos que usan planos tradicionales, materiales de construcción y métodos de construcción locales.

Powered by Koha